[Event "Hillerod-ch D"]
[Site "Hillerod"]
[Date "2004.05.04"]
[Round "2"]
[White "Pedersen, Leif"]
[Black "Christiansen, Sofus Ronne"]
[Result "0-1"]
[WhiteElo "1343"]
[BlackElo "1304"]
[PlyCount "86"]
[EventDate "2004.04.27"]
[EventType "swiss"]
[EventRounds "7"]
[EventCountry "DEN"]
[SourceTitle "EXT 2023"]
[Source "ChessBase"]
[SourceDate "2022.10.05"]
[SourceVersion "1"]
[SourceVersionDate "2022.10.05"]
[SourceQuality "1"]

1. Nf3 f5 2. e3 e6 3. b3 Nf6 4. d3 d6 5. Bb2 e5 6. Nbd2 Be7 7. Be2 0-0 8. h3 Nc6 9. a3 a5 10. c4 Qe8 11. Nh2 b6 12. 0-0 Bb7 13. f3 Nh5 14. Qe1 Qg6 15. g4 f4 16. exf4 Nxf4 17. h4 Bxh4 18. Qxh4 Nxe2+ 19. Kh1 Qxd3 20. Rfd1 Qg6 21. Re1 Ncd4 22. Bxd4 Nxd4 23. Rac1 Qd3 24. Qf2 Nxb3 25. Rcd1 Nxd2 26. Re3 Qxc4 27. Rxd2 Rf4 28. Rc2 Qf7 29. Rcc3 a4 30. Qg3 Rf8 31. Kg1 Rc4 32. Qe1 Rxc3 33. Rxc3 c5 34. Qd1 Qe6 35. Qxa4 e4 36. Re3 Qh6 37. Qb3+ Kh8 38. Qc3 exf3 39. Nxf3 Qh3 40. Kf2 Qxg4 41. Qd3 Rxf3+ 42. Rxf3 Qxf3+ 43. Qxf3 Bxf3 0-1

[Event "Hillerod-ch D"]
[Site "Hillerod"]
[Date "2004.04.27"]
[Round "1"]
[White "Pedersen, Leif"]
[Black "Eskildsen, Evald"]
[Result "1-0"]
[WhiteElo "1343"]
[BlackElo "1023"]
[PlyCount "69"]
[EventDate "2004.04.27"]
[EventType "swiss"]
[EventRounds "7"]
[EventCountry "DEN"]
[SourceTitle "EXT 2023"]
[Source "ChessBase"]
[SourceDate "2022.10.05"]
[SourceVersion "1"]
[SourceVersionDate "2022.10.05"]
[SourceQuality "1"]

1. e4 e5 2. Nf3 d6 3. Bc4 h6 4. c3 c5 5. 0-0 Nc6 6. d3 b6 7. Be3 a6 8. a4 Na5 9. Bd5 Bb7 10. b4 Bxd5 11. bxa5 b5 12. exd5 Qxa5 13. Bd2 Nf6 14. c4 b4 15. Na3 Be7 16. Nc2 0-0 17. Ne3 e4 18. Nf5 Ra7 19. Re1 Bd8 20. dxe4 Nd7 21. Nxd6 Nb6 22. e5 Be7 23. Qe2 Nd7 24. Nf5 Qd8 25. d6 Nxe5 26. Nxe7+ Kh8 27. Qxe5 Re8 28. Ng6+ fxg6 29. Qxe8+ Qxe8 30. Rxe8+ Kh7 31. Rc8 Rd7 32. Bf4 b3 33. Rc7 Rd8 34. Rxg7+ Kh8 35. Rd7 1-0